| 000 | 00360nam a2200145Ia 4500 | ||
|---|---|---|---|
| 008 | 230917s9999||||xx |||||||||||||| ||und|| | ||
| 040 |
_e142142 _aMAIN |
||
| 041 | _aEnglish | ||
| 082 | _a780.5 S58S | ||
| 100 | _aGarg, Prabhulal | ||
| 245 | 0 | _aSangeet filmi sastriya geet ank | |
| 260 |
_aHathras _bSangeet karyalaya _c1973 |
||
| 300 | _a239p p. | ||
| 942 | _cBK | ||
| 999 |
_c84409 _d84409 |
||